Devlet efsanesi (Record no. 7942)

MARC details
000 -BAŞLIK
Sabit Uzunlukta Kontrol Alanı 00729na a2200265 4500
001 - KONTROL NUMARASI
Denetim Alanı 13476
003 - KONTROL NUMARASI IDENTIFIER
Denetim Alanı MIRAKIL
005 - SON İŞLEM TARİHİ VE ZAMANI
Denetim Alanı 20181213155155.0
008 - SABİT-BOY VERİ ELEMANLARI - GENEL BİLGİLER
Sabit Uzunlukta Kontrol Alanı 161001b tu 000 0
035 ## - SİSTEM KONTROL NUMARASI
Sistem Kontrol Numarası 13476
040 ## - KATALOGLAMA KAYNAK
Orijinal Kataloglama Ajansı Milas
Kataloglama Dili tur
Metne Dönüştürmek Ajansı TR-AnCHP
082 ## - DEWEY ONLU SINIFLANDIRMA NUMARASI
Sınıflandırma Numarası 320.101
Ürün Numarası C27d 1984
090 ## - SINIFLAMA NUMARASI
Sınıflama Numarası 320.101 C27d 1984
100 ## - ANA GİRİŞ - KİŞİSEL İSİM
Kişisel Ad Cassirer, Ernst
245 ## - BAŞLIK TABLOSU
Başlık Devlet efsanesi
Sorumluluk Tablosu, Vb Ernst Cassirer ; çev. Necla Arat
260 ## - YAYIN, DAĞITIM, VB
Yayın, Dağıtım, Vb Yeri İstanbul
Yayıncı, Dağıtıcı, Vs Adı Remzi Kitabevi
Yayın, Dağıtım, Vb Tarihi 1984
300 ## - FİZİKSEL TANIM
Kapsam 311 s.
Boyutlar 24 s.
490 ## - SERİSİ TABLOSU
Seri Beyanı Büyük Fikir Kitapları dizisi
Hacim / Ardışık Tanımı 57
504 ## - KAYNAKÇA VB NOT
Kaynakça Vb Notu Dizin var.
650 ## - KONU KATMA GİRİŞ - TOPİKAL DÖNEM
Topikal Süreli Veya Coğrafi Ad Giriş Elemanı Siyasal kuramlar
650 ## - KONU KATMA GİRİŞ - TOPİKAL DÖNEM
Topikal Süreli Veya Coğrafi Ad Giriş Elemanı Devlet
Genel Alt Bölümü Felsefe ve kuram
650 ## - KONU KATMA GİRİŞ - TOPİKAL DÖNEM
Topikal Süreli Veya Coğrafi Ad Giriş Elemanı Siyaset ve yönetim
Genel Alt Bölümü Felsefe
700 ## - KATMA GİRİŞ - KİŞİSEL İSİM
Kişisel Ad Arat, Necla
942 ## - EKLENDİ GİRİŞ ELEMANLARI (KOHA)
Sınıflandırma Veya Raf Düzeni Kaynak Dewey Decimal Classification
Koha Öğesi Türü Books
999 ## - SİSTEM KONTROL NUMARALARI (KOHA)
Koha Biblionumber 7942
Koha Biblioitemnumber 7942
Holdings
Kalıcı Konum Mevcut Konum Edinme Tarihi Edinim Kaynak Toplam Check-Out'Lar Tam Çağrı Numarası Barkod Tarih Son Görülme İtibaren Geçerli Fiyatlar Koha Öğesi Türü
CHP Kütüphanesi CHP Kütüphanesi 08/14/2016 Bağış   320.101 C27d 1984 001310 08/14/2016 08/14/2016 Books